Discovering Statistics Using Sas (Record no. 609407)

000 -LEADER
fixed length control field 00383nam a2200145 4500
020 ## - INTERNATIONAL STANDARD BOOK NUMBER
International Standard Book Number 9781849200929
040 ## - CATALOGING SOURCE
Transcribing agency NUST
082 ## - DEWEY DECIMAL CLASSIFICATION NUMBER
Classification number 519.5
Author Mark FIE
100 ## - MAIN ENTRY--PERSONAL NAME
Personal name Field, Andy
9 (RLIN) 68139
110 ## - MAIN ENTRY--CORPORATE NAME
Corporate name or jurisdiction name as entry element Miles , Jeremy
9 (RLIN) 123099
245 ## - TITLE STATEMENT
Title Discovering Statistics Using Sas
260 ## - PUBLICATION, DISTRIBUTION, ETC.
Place of publication, distribution, etc. Los Angeles:
Name of publisher, distributor, etc. SAGA,
Date of publication, distribution, etc. 2010.
650 ## - SUBJECT ADDED ENTRY--TOPICAL TERM
Topical term or geographic name entry element Discovering Statistics Using Sas
9 (RLIN) 123100
942 ## - ADDED ENTRY ELEMENTS (KOHA)
Source of classification or shelving scheme
Koha item type Book
Holdings
Withdrawn status Lost status Source of classification or shelving scheme Damaged status Not for loan Permanent Location Current Location Shelving location Date acquired Total Checkouts Full call number Barcode Date last seen Price effective from Koha item type
          College of Electrical & Mechanical Engineering (CEME) College of Electrical & Mechanical Engineering (CEME) General Stacks 05/30/2024   519.5 FIE CEME- 49278 05/30/2024 05/30/2024 Book
© 2023 Central Library, National University of Sciences and Technology. All Rights Reserved.